Aplikácia na výber predmetov pre zahraničných študentov Erasmus+ bakalárska práca

Salvato in:
Dettagli Bibliografici
Autore principale: Rácz, Tibor
Ente Autore: Fakulta hospodárskej informatiky EU. Katedra aplikovanej informatiky
Altri autori: Schmidt, Peter, 1968-
Natura: Libro
Lingua:slovacco
Pubblicazione: Bratislava 2024
Tags: Aggiungi Tag
Nessun Tag, puoi essere il primo ad aggiungerne!!

MARC

LEADER 00000nbm a2200000 4500
001 0302536
005 20250902140459.2
041 0 |a slo 
044 |a SK 
245 1 0 |a Aplikácia na výber predmetov pre zahraničných študentov Erasmus+  |b bakalárska práca  |c Tibor Rácz ; školiteľ: Peter Schmidt 
264 1 |a Bratislava  |c 2024 
300 |a 36 s. 
100 1 |a Rácz, Tibor 
700 1 |a Schmidt, Peter, 1968- 
710 2 |a Fakulta hospodárskej informatiky EU. Katedra aplikovanej informatiky